[Event "Poznan op-A"]
[Site "Poznan"]
[Date "2004.07.19"]
[Round "4"]
[White "Andrejczuk, Beata"]
[Black "Dziadykiewcz, Tadeusz"]
[Result "1-0"]
[WhiteElo "2048"]
[BlackElo "2050"]
[PlyCount "69"]
[EventDate "2004.07.17"]
[EventType "swiss"]
[EventRounds "9"]
[EventCountry "POL"]
[SourceTitle "EXT 2008"]
[Source "ChessBase"]
[SourceDate "2007.11.25"]
[SourceVersion "1"]
[SourceVersionDate "2007.11.25"]
[SourceQuality "1"]

1. e4 e6 2. d4 d5 3. e5 c5 4. c3 Qb6 5. a3 Bd7 6. b4 cxd4 7. cxd4 Ne7 8. Nc3 Nf5 9. Nf3 Na6 10. b5 Nb8 11. Na4 Qd8 12. Bg5 Ne7 13. Nc5 Bc8 14. Bd3 h6 15. Bd2 b6 16. Nb3 a5 17. a4 Nf5 18. Rc1 Bd7 19. h4 Be7 20. g3 0-0 21. Ng1 Kh8 22. Nh3 Bb4 23. Nf4 Ra7 24. Qf3 Bxd2+ 25. Kxd2 Qe7 26. Bxf5 Qb4+ 27. Qc3 exf5 28. Qxb4 axb4 29. Ra1 Be6 30. Nd3 Rc8 31. Rhc1 Rc4 32. a5 bxa5 33. Nxa5 Rxd4 34. b6 Ra6 35. b7 1-0

[Event "Poznan op-A"]
[Site "Poznan"]
[Date "2004.07.18"]
[Round "3"]
[White "Dziadykiewcz, Tadeusz"]
[Black "Kozlowski, Tomasz"]
[Result "0-1"]
[WhiteElo "2050"]
[BlackElo "2068"]
[PlyCount "65"]
[EventDate "2004.07.17"]
[EventType "swiss"]
[EventRounds "9"]
[EventCountry "POL"]
[SourceTitle "EXT 2008"]
[Source "ChessBase"]
[SourceDate "2007.11.25"]
[SourceVersion "1"]
[SourceVersionDate "2007.11.25"]
[SourceQuality "1"]

1. Nf3 d5 2. b3 Nf6 3. Bb2 c6 4. c4 Bf5 5. d3 e6 6. g3 dxc4 7. bxc4 Qb6 8. Qb3 Nbd7 9. Bg2 Bb4+ 10. Nc3 Nc5 11. Qc2 0-0-0 12. 0-0-0 Ng4 13. Rhf1 Nd7 14. e4 Bg6 15. h3 Ngf6 16. Nh4 e5 17. g4 Nc5 18. Nf5 Ne6 19. Ne2 Nd7 20. f4 Bxf5 21. exf5 Nxf4 22. Nxf4 exf4 23. d4 Rhe8 24. Rxf4 Qa5 25. Kb1 Nc5 26. Rf3 Na4 27. a3 Bd6 28. Ba1 Re7 29. d5 Be5 30. Rfd3 Bxa1 31. Kxa1 Nc5 32. Qc3 Qa4 33. Rg3 0-1

[Event "Poznan op-A"]
[Site "Poznan"]
[Date "2003.07.13"]
[Round "9"]
[White "Bartel, Marta"]
[Black "Dziadykiewcz, Tadeusz"]
[Result "0-1"]
[WhiteElo "1975"]
[BlackElo "2041"]
[PlyCount "148"]
[EventDate "2003.07.07"]
[EventType "swiss"]
[EventRounds "9"]
[EventCountry "POL"]
[SourceTitle "CBM 095 Extra"]
[Source "ChessBase"]
[SourceDate "2003.09.04"]
[SourceVersion "1"]
[SourceVersionDate "2003.09.04"]
[SourceQuality "1"]

1. e4 Nc6 2. d4 e5 3. d5 Nce7 4. Nf3 Ng6 5. Nc3 Bb4 6. Bd3 Nf6 7. a3 Bxc3+ 8. bxc3 d6 9. 0-0 0-0 10. h3 Qe7 11. Nh2 h6 12. Re1 Nh7 13. Rb1 b6 14. Qh5 Nf6 15. Qd1 Nd7 16. Be3 Nc5 17. Qh5 Nf4 18. Bxf4 exf4 19. Nf3 Nd7 20. Nd4 Ne5 21. Kh1 Bd7 22. Bb5 Qg5 23. Qxg5 hxg5 24. Bxd7 Nxd7 25. Nf3 f6 26. Nd4 Nc5 27. Nc6 a5 28. Nd4 Kf7 29. Kg1 g6 30. Kf1 Rae8 31. f3 Rh8 32. Kf2 Nd7 33. Nb5 Rc8 34. Na7 Ra8 35. Nb5 Rhc8 36. Nd4 Ne5 37. a4 Re8 38. Nb5 Re7 39. Nd4 Nc4 40. Re2 Rh8 41. Ree1 Ne3 42. Ra1 f5 43. Ne6 Kf6 44. Rh1 c6 45. h4 gxh4 46. Nxf4 g5 47. Kxe3 gxf4+ 48. Kxf4 fxe4 49. fxe4 cxd5 50. exd5 Re5 51. Rhf1 Rg8 52. Kf3 Rg3+ 53. Kf2 Rxc3 54. Kg1+ Kg5 55. Rfd1 Re2 56. Re1 Rd2 57. Red1 Rxd1+ 58. Rxd1 Rxc2 59. Rb1 Rc5 60. Rxb6 Rxd5 61. Kh2 Kg4 62. Rb8 Rd4 63. Rg8+ Kf5 64. Kh3 Ke5 65. Re8+ Kd5 66. Re1 Rxa4 67. Rd1+ Rd4 68. Ra1 a4 69. Ra2 Kc5 70. g4 hxg3 71. Kxg3 Kb4 72. Kf3 Kb3 73. Rg2 a3 74. Ke3 Rd1 0-1

[Event "Poznan op-A"]
[Site "Poznan"]
[Date "2003.07.07"]
[Round "1"]
[White "Dziadykiewcz, Tadeusz"]
[Black "Ostrowski, Leszek"]
[Result "0-1"]
[WhiteElo "2041"]
[BlackElo "2334"]
[PlyCount "44"]
[EventDate "2003.07.07"]
[EventType "swiss"]
[EventRounds "9"]
[EventCountry "POL"]
[SourceTitle "CBM 095 Extra"]
[Source "ChessBase"]
[SourceDate "2003.09.04"]
[SourceVersion "1"]
[SourceVersionDate "2003.09.04"]
[SourceQuality "1"]

1. d4 Nf6 2. Nc3 c5 3. d5 g6 4. e4 d6 5. h3 Bg7 6. Nf3 0-0 7. Be2 b5 8. e5 dxe5 9. Bxb5 e4 10. Ne5 Bb7 11. Nc6 Qc7 12. Nxb8 Raxb8 13. 0-0 Rfd8 14. Bc4 Qe5 15. Qe2 Nxd5 16. Nxe4 Nf4 17. Bxf4 Qxf4 18. Nxc5 Bxg2 19. Ne6 Bxf1 20. Kxf1 Qh2 21. Qf3 fxe6 22. Bxe6+ Kh8 0-1

[Event "Ostrava op-A"]
[Site "Ostrava"]
[Date "2002.05.21"]
[Round "5"]
[White "Dziadykiewcz, Tadeusz"]
[Black "Vratny, Radim"]
[Result "0-1"]
[WhiteElo "2066"]
[BlackElo "2144"]
[PlyCount "163"]
[EventDate "2002.05.18"]
[EventType "swiss"]
[EventRounds "10"]
[EventCountry "CZE"]
[SourceTitle "CBM 088 Extra"]
[Source "ChessBase"]
[SourceDate "2002.07.01"]
[SourceVersion "2"]
[SourceVersionDate "2002.07.01"]
[SourceQuality "1"]

1. Nf3 c5 2. b3 Nf6 3. Bb2 e6 4. c4 b6 5. e3 Bb7 6. Be2 Be7 7. 0-0 0-0 8. d4 d6 9. Nc3 Nbd7 10. d5 exd5 11. cxd5 Re8 12. e4 Bf8 13. Nd2 g6 14. f4 Bg7 15. Bf3 a6 16. a4 Qc7 17. Qc2 Rad8 18. Rae1 Qb8 19. Nc4 Nf8 20. Nxb6 Re7 21. Re2 N6d7 22. Nc4 f6 23. Rfe1 Qc7 24. a5 Qb8 25. Na4 Rde8 26. Bc3 g5 27. f5 Ne5 28. Bxe5 fxe5 29. Bh5 Rd8 30. Nab6 Nd7 31. Nxd7 Rexd7 32. f6 Bxf6 33. Bg4 Re7 34. Rf1 Bg7 35. Be6+ Rxe6 36. dxe6 Re8 37. Qd2 Rxe6 38. Qxg5 Qe8 39. Rd1 Qd7 40. Qg4 Qe7 41. Red2 Rg6 42. Qe2 d5 43. Ne3 d4 44. Nf5 Qe6 45. Rd3 Bf8 46. Rg3 Rxg3 47. hxg3 Qxb3 48. Qg4+ Kh8 49. Rf1 Qg8 50. Qh4 Qe6 51. Qd8 Kg8 52. Nxd4 Qe7 53. Qxe7 Bxe7 54. Nf5 Bg5 55. Nd6 Bc6 56. Rd1 Be3+ 57. Kf1 Bd4 58. Ke2 c4 59. Rc1 c3 60. Kd3 Kf8 61. Rf1+ Kg8 62. Rb1 h6 63. Nf5 c2 64. Rc1 Bb5+ 65. Kxc2 Bc5 66. Nxh6+ Kg7 67. Nf5+ Kf6 68. Kb3 Bf2 69. Nd6 Be2 70. Rc3 Ke6 71. Ka3 Kxd6 72. Rc2 Bc5+ 73. Ka2 Bg4 74. Rd2+ Bd4 75. Kb3 Kc5 76. Rd3 Kb5 77. Kc2 Kc4 78. Rd2 Bh5 79. Kb1 Bg6 80. Re2 Kd3 81. Re1 Kd2 82. Rh1 0-1

[Event "Trinec op9798"]
[Site "Trinec"]
[Date "1998.??.??"]
[Round "?"]
[White "Sott, Pavel"]
[Black "Dziadykiewcz, Tadeusz"]
[Result "1-0"]
[WhiteElo "2175"]
[BlackElo "2110"]
[PlyCount "51"]
[EventDate "1998.??.??"]
[EventType "swiss"]
[EventRounds "9"]
[EventCountry "CSR"]
[SourceTitle "EXT 1999"]
[Source "ChessBase"]
[SourceDate "1998.11.16"]
[SourceVersion "1"]
[SourceVersionDate "1998.11.16"]
[SourceQuality "1"]

1. e4 d6 2. d4 Nf6 3. Nc3 c6 4. f4 Qa5 5. e5 Ne4 6. Bd3 Nxc3 7. Qd2 g6 8. Nf3 Bg7 9. bxc3 0-0 10. 0-0 Qa4 11. Qe1 c5 12. Qh4 c4 13. Be4 f6 14. exd6 exd6 15. f5 gxf5 16. Bd5+ Kh8 17. Bh6 Qd7 18. Rae1 Nc6 19. Bxc4 d5 20. Bxg7+ Kxg7 21. Bd3 Ne7 22. Qh5 Ng6 23. Nh4 Nxh4 24. Qxh4 Qd6 25. Rf3 Be6 26. Rxe6 1-0

[Event "Budapest Spring op 13th"]
[Site "Budapest"]
[Date "1997.??.??"]
[Round "4"]
[White "Prihodko, Alexander"]
[Black "Dziadykiewcz, Tadeusz"]
[Result "0-1"]
[WhiteElo "2220"]
[BlackElo "2075"]
[PlyCount "120"]
[EventDate "1997.03.??"]
[EventType "swiss"]
[EventRounds "9"]
[EventCountry "HUN"]
[SourceTitle "EXT 1998"]
[Source "ChessBase"]
[SourceDate "1997.11.17"]
[SourceVersion "1"]
[SourceVersionDate "1997.11.17"]
[SourceQuality "1"]

1. e4 d6 2. d4 Nf6 3. Nc3 c6 4. h3 Qa5 5. Bd3 e5 6. Nf3 Be7 7. 0-0 0-0 8. Qe2 Nbd7 9. Bc4 b5 10. Bb3 b4 11. Na4 Ba6 12. Qe1 Bxf1 13. Kxf1 c5 14. dxc5 dxc5 15. c4 Qc7 16. Bc2 Nb6 17. Nxb6 axb6 18. Nh4 Rfe8 19. Nf5 Bf8 20. Qe2 Qc6 21. f3 g6 22. Ne3 Nh5 23. Qf2 Bh6 24. g3 Bxe3 25. Bxe3 Qe6 26. Kg2 Qxc4 27. Bb3 Qb5 28. Bd5 Rad8 29. Bg5 Rc8 30. b3 Kg7 31. Qd2 f6 32. Bh6+ Kh8 33. Bc4 Qc6 34. Rd1 Re7 35. Qd3 Ng7 36. Bd5 Qc7 37. f4 Ne6 38. fxe5 Qxe5 39. Rf1 Ng5 40. Rf2 Nxh3 41. Rd2 Ng5 42. Bb7 Rce8 43. Bc6 Qe6 44. Bxe8 Qh3+ 45. Kg1 Qxh6 46. Bc6 Qf8 47. Bd5 Qe8 48. Re2 Kg7 49. Qe3 Qd7 50. Kg2 Qg4 51. Kf2 Re5 52. Qd3 f5 53. Bc6 fxe4 54. Qd7+ Qxd7 55. Bxd7 Kf6 56. Ke3 Nf3 57. Kf4 g5+ 58. Kg4 Kg6 59. Bc6 h5+ 60. Kh3 Ng1+ 0-1

[Event "Pardubice KB op"]
[Site "Pardubice"]
[Date "1996.??.??"]
[Round "1"]
[White "Dziadykiewcz, Tadeusz"]
[Black "Pribyl, Martin"]
[Result "1/2-1/2"]
[WhiteElo "2060"]
[BlackElo "2320"]
[PlyCount "32"]
[EventDate "1996.07.??"]
[EventType "swiss"]
[EventRounds "9"]
[EventCountry "CZE"]
[SourceTitle "CBM 055 Extra"]
[Source "ChessBase"]
[SourceDate "1997.01.01"]
[SourceVersion "1"]
[SourceVersionDate "1997.01.01"]
[SourceQuality "1"]

1. Nf3 Nf6 2. b3 g6 3. Bb2 Bg7 4. c4 0-0 5. g3 d5 6. Bg2 c5 7. cxd5 Nxd5 8. Bxg7 Kxg7 9. Qc2 Qd6 10. 0-0 Nc6 11. Rc1 b6 12. Nc3 Bb7 13. Ne4 Qd7 14. Qb2+ Nf6 15. d3 Rad8 16. Rc4 Qf5 1/2-1/2

[Event "Polanica Zdroj op"]
[Site "Polanica Zdroj"]
[Date "1996.??.??"]
[Round "4"]
[White "Dziadykiewcz, Tadeusz"]
[Black "Szymczak, Zbigniew"]
[Result "0-1"]
[WhiteElo "2060"]
[BlackElo "2330"]
[PlyCount "80"]
[EventDate "1996.??.??"]
[EventType "swiss"]
[EventRounds "10"]
[EventCountry "POL"]
[SourceTitle "EXT 1998"]
[Source "ChessBase"]
[SourceDate "1997.11.17"]
[SourceVersion "1"]
[SourceVersionDate "1997.11.17"]
[SourceQuality "1"]

1. Nf3 Nf6 2. c4 g6 3. b3 Bg7 4. Bb2 0-0 5. g3 d6 6. d4 Nbd7 7. Bg2 e5 8. dxe5 Ng4 9. 0-0 dxe5 10. h3 Nh6 11. Nc3 f5 12. Qd5+ Nf7 13. Rad1 e4 14. Ne1 c6 15. Qd2 Qc7 16. Nc2 Nde5 17. Qc1 Bd7 18. Qa1 g5 19. f4 exf3 20. exf3 f4 21. g4 Rad8 22. c5 Bc8 23. Ne4 Rfe8 24. Nd4 b6 25. cxb6 axb6 26. Nf5 Bxf5 27. gxf5 Rd5 28. f6 Bf8 29. Rxd5 cxd5 30. Nc3 Nd3 31. Rd1 Qc5+ 32. Kh2 Qf2 33. Rxd3 Qg3+ 34. Kh1 Re1+ 35. Qxe1 Qxe1+ 36. Kh2 Ne5 37. Rxd5 Nxf3+ 38. Bxf3 Qg3+ 39. Kh1 Qxf3+ 40. Kh2 Qg3+ 0-1

[Event "Krynica op"]
[Site "Krynica"]
[Date "1994.??.??"]
[Round "?"]
[White "Dziadykiewcz, Tadeusz"]
[Black "Prochownik, Franciszek"]
[Result "0-1"]
[WhiteElo "2105"]
[BlackElo "2300"]
[PlyCount "96"]
[EventDate "1994.??.??"]
[EventType "swiss"]
[EventRounds "9"]
[EventCountry "POL"]
[SourceTitle "EXT 1998"]
[Source "ChessBase"]
[SourceDate "1997.11.17"]
[SourceVersion "1"]
[SourceVersionDate "1997.11.17"]
[SourceQuality "1"]

1. Nf3 Nf6 2. b3 d6 3. d4 Bg4 4. Bb2 Bxf3 5. exf3 g6 6. f4 Bg7 7. g3 c6 8. Bg2 0-0 9. 0-0 a5 10. a4 Na6 11. Re1 Qd7 12. Qe2 Rfe8 13. Nd2 Nb4 14. Nc4 Nbd5 15. Qd2 Qc7 16. Re2 b6 17. Na3 e6 18. c4 Ne7 19. Rc1 Qd7 20. Qe1 Rab8 21. Rcc2 h5 22. Qa1 Ng4 23. h3 Nh6 24. Rcd2 Nhf5 25. Re1 d5 26. Bf1 Red8 27. Red1 Nd6 28. h4 Ne4 29. Rd3 Nf5 30. Nc2 Bf8 31. Kg2 Be7 32. Ne3 Nxe3+ 33. Rxe3 Bb4 34. f3 Nd6 35. g4 Qe7 36. Kh3 Qf6 37. Kg3 hxg4 38. fxg4 Kg7 39. Bd3 Rh8 40. Rh1 Qd8 41. c5 Ne8 42. g5 Kf8 43. Qc1 Ng7 44. Rh2 Nh5+ 45. Kf3 Kg8 46. Rc2 Nxf4 47. Rh2 Qc7 48. Bb1 Nd3 0-1

[Event "Czestochowa YAWAL op"]
[Site "Czestochowa"]
[Date "1994.??.??"]
[Round "9"]
[White "Gidziela, Pawel"]
[Black "Dziadykiewcz, Tadeusz"]
[Result "0-1"]
[WhiteElo "2000"]
[BlackElo "2105"]
[PlyCount "86"]
[EventDate "1994.??.??"]
[EventType "swiss"]
[EventRounds "9"]
[EventCountry "POL"]
[SourceTitle "EXT 2006"]
[Source "ChessBase"]
[SourceDate "2005.11.24"]
[SourceVersion "1"]
[SourceVersionDate "2005.11.24"]
[SourceQuality "1"]

1. Nf3 Nf6 2. g3 b6 3. Bg2 Bb7 4. 0-0 g6 5. d4 Bg7 6. c4 0-0 7. Nc3 d6 8. Qc2 Nbd7 9. Rd1 Qc8 10. b3 Re8 11. Bb2 e5 12. d5 Nf8 13. Nd2 h6 14. b4 N8h7 15. h3 Nh5 16. Nf1 f5 17. Rac1 a5 18. a3 axb4 19. axb4 Rf8 20. c5 bxc5 21. bxc5 Ba6 22. Nb1 Ng5 23. h4 Nf7 24. Na3 Qd7 25. Nc4 Nf6 26. cxd6 Bxc4 27. dxc7 Ba6 28. d6 e4 29. f3 Bb7 30. Ne3 f4 31. Nc4 Qb5 32. Kh1 fxg3 33. Bxf6 Bxf6 34. Rb1 Qh5 35. Rxb7 Qxh4+ 36. Kg1 Ng5 37. Qb3 Kh8 38. Ne3 exf3 39. exf3 Nxf3+ 40. Kf1 Qf4 41. Ke2 Nd4+ 42. Rxd4 Bxd4 43. Qe6 Bxe3 0-1

[Event "Polanica Zdroj op"]
[Site "Polanica Zdroj"]
[Date "1994.??.??"]
[Round "?"]
[White "Kowalski, Michal"]
[Black "Dziadykiewcz, Tadeusz"]
[Result "1-0"]
[WhiteElo "2180"]
[BlackElo "2105"]
[PlyCount "37"]
[EventDate "1994.??.??"]
[EventType "swiss"]
[EventRounds "10"]
[EventCountry "POL"]
[SourceTitle "EXT 1998"]
[Source "ChessBase"]
[SourceDate "1997.11.17"]
[SourceVersion "1"]
[SourceVersionDate "1997.11.17"]
[SourceQuality "1"]

1. e4 e5 2. f4 exf4 3. Nf3 h6 4. d4 g5 5. h4 Bg7 6. hxg5 hxg5 7. Rxh8 Bxh8 8. g3 g4 9. Ne5 Bxe5 10. dxe5 f3 11. Bf4 Ne7 12. Qd2 Nbc6 13. Nc3 b6 14. 0-0-0 Bb7 15. Nd5 Nxd5 16. exd5 Ne7 17. Bg5 d6 18. Bb5+ Kf8 19. Bf6 1-0

[Event "Krynica op"]
[Site "Krynica"]
[Date "1994.??.??"]
[Round "?"]
[White "Laptos, Krzysztof"]
[Black "Dziadykiewcz, Tadeusz"]
[Result "1-0"]
[WhiteElo "2275"]
[BlackElo "2105"]
[PlyCount "64"]
[EventDate "1994.??.??"]
[EventType "swiss"]
[EventRounds "9"]
[EventCountry "POL"]
[SourceTitle "EXT 1998"]
[Source "ChessBase"]
[SourceDate "1997.11.17"]
[SourceVersion "1"]
[SourceVersionDate "1997.11.17"]
[SourceQuality "1"]

1. Nf3 f5 2. g3 Nf6 3. Bg2 g6 4. 0-0 Bg7 5. d4 0-0 6. c3 c6 7. Bg5 h6 8. Bf4 g5 9. Bc1 d6 10. Nbd2 Qe8 11. Re1 d5 12. c4 Ne4 13. cxd5 cxd5 14. Qb3 e6 15. Ne5 Nc6 16. Nxc6 bxc6 17. Nxe4 fxe4 18. e3 Qf7 19. Re2 Ba6 20. Rd2 e5 21. dxe5 Bxe5 22. Qc2 Qf6 23. a4 Rac8 24. Ra2 Bd3 25. Qd1 Bd6 26. b3 Bb4 27. Rxd3 exd3 28. Qxd3 Rcd8 29. Rc2 Be1 30. Bb2 Bxf2+ 31. Kh1 Qe6 32. Qd4 Rd7 1-0

[Event "Czestochowa YAWAL op"]
[Site "Czestochowa"]
[Date "1994.??.??"]
[Round "3"]
[White "Szopka, Dariusz"]
[Black "Dziadykiewcz, Tadeusz"]
[Result "1-0"]
[WhiteElo "2295"]
[BlackElo "2105"]
[PlyCount "49"]
[EventDate "1994.??.??"]
[EventType "swiss"]
[EventRounds "9"]
[EventCountry "POL"]
[SourceTitle "EXT 2006"]
[Source "ChessBase"]
[SourceDate "2005.11.24"]
[SourceVersion "1"]
[SourceVersionDate "2005.11.24"]
[SourceQuality "1"]

1. e4 e5 2. Nf3 Nc6 3. d4 exd4 4. Nxd4 Bc5 5. Nb3 Bb6 6. c4 d6 7. Nc3 Nf6 8. Be2 0-0 9. Bg5 Kh8 10. Qd2 Re8 11. 0-0-0 Be6 12. f4 Na5 13. Nd4 Bxc4 14. Bxc4 Nxc4 15. Qd3 Bxd4 16. Qxd4 Nb6 17. Rhe1 a6 18. g4 Kg8 19. Bh4 h6 20. g5 hxg5 21. Bxg5 c5 22. Qg1 Nc4 23. Re2 Kf8 24. e5 Qb6 25. Bxf6 1-0